000 00720nam a22002657a 4500
001 6906
003 FISKH
005 20250813133744.0
008 250605b cb ||||| |||| 00| 0 eng d
020 _a708431211568
040 _aFISKH
_beng
_cFISKH
_dFISKH
050 _aPZ7
082 _a372.4
100 _aAnonymous
245 _aThe golden paddleball :
_bFoster's home of imaginary friends /
260 _aOntario :
_bLeap Frog Enterprise,
_c2007.
300 _a25 pages :
_bcolor illustrations ;
_c24 cm
505 _aJ
520 _aFoster's Golden Paddleball
521 8 _a500
_bLexile estimate
521 8 _aJ
_bRaz-Plus
650 _aLeap Frog
942 _2ddc
_cBK
_n0
999 _c6906
_d6906